Statistiques concernant 20 pays africains les moins peuplés

Cliquez ici pour prendre le quiz!

Statistiques générales

  • Ce quiz a été pris 131 fois
  • Le résultat moyen est 16 sur 20

Statistiques - réponses

Nombre d'habitantsPays% Correct
2,14 MLesotho
94%
556 000Cap-Vert
93%
870 000Comores
90%
988 000Djibouti
90%
1,96 MGuinée-Bissau
90%
1,40 MGuinée Équatoriale
90%
98 000Seychelles
89%
1,16 MEswatini
88%
2,41 MGambie
88%
3,54 MÉrythrée
86%
1,27 MMaurice
86%
219 000Sao Tomé-et-Principe
86%
5,05 MLibéria
82%
2,54 MNamibie
80%
2,22 MGabon
78%
2,35 MBotswana
71%
4,83 MRépublique Centrafricaine
70%
4,65 MMauritanie
67%
6,87 MLibye
65%
5,51 MRépublique du Congo
64%

Distribution des résultats

Percentile par nombre de réponses

% des personnes avec chaque résultat

Votre développement - résultats

Vous n’avez pas pris ce quiz